Birds of India : (Record no. 43302)

MARC details
000 -LEADER
fixed length control field 02260nam a22003377a 4500
005 - DATE AND TIME OF LATEST TRANSACTION
control field 20100901111630.0
008 - FIXED-LENGTH DATA ELEMENTS--GENERAL INFORMATION
fixed length control field 100901t xxu||||| |||| 00| 0 eng d
010 ## - LCCN (DPL NO)
LC control number ENG-101385 B-425176-181
020 ## - INTERNATIONAL STANDARD BOOK NUMBER
International Standard Book Number 0198069391
Terms of availability 350.00
020 ## - INTERNATIONAL STANDARD BOOK NUMBER
International Standard Book Number 9780198069393
Terms of availability 350.00
035 ## - SYSTEM CONTROL NUMBER
System control number EN-84918 B-425176-181
037 ## - SOURCE OF ACQUISITION
Source of stock number/acquisition DBAD / PUB
037 ## - SOURCE OF ACQUISITION
Source of stock number/acquisition K.K.Pub/Ven
040 ## - CATALOGING SOURCE
Original cataloging agency Dpl
Language of cataloging Eng
082 14 - DEWEY DECIMAL CLASSIFICATION NUMBER
Classification number 598.09541
245 1# - TITLE STATEMENT
Title Birds of India :
Statement of responsibility, etc edited by Abdul Jamil Urfi
Remainder of title a literary anthology /
260 ## - PUBLICATION, DISTRIBUTION, ETC. (IMPRINT)
Place of publication, distribution, etc New Delhi
Name of publisher, distributor, etc Oxford University Press
Date of publication, distribution, etc 2010
270 ## - ADDRESS
Address YMCA Library Building, Jai Singh Road
City New Delhi
Postal code 110001
300 ## - PHYSICAL DESCRIPTION
Extent xxviii,385p.
Dimensions 22cm (Hb)
500 ## - GENERAL NOTE
General note Includes bibliographical references and index
700 ## - ADDED ENTRY--PERSONAL NAME
Personal name Urfi, Abdul Jamil
9 (RLIN) 17843
942 ## - ADDED ENTRY ELEMENTS (KOHA)
Institution code [OBSOLETE] dpl
Item type English Books
Call number prefix
Source of classification or shelving scheme Dewey Decimal Classification
Classification part 598.09541
Call number suffix BIR
Holdings
Withdrawn status Lost status Source of classification or shelving scheme Damaged status Not for loan Collection code Home library Current library Date acquired Source of acquisition Cost, normal purchase price Total Checkouts Full call number Barcode Date last seen Copy number Cost, replacement price Koha item type Total Renewals
    Dewey Decimal Classification     Non-fiction Central Library Central Library 03/06/2011 K.K.Pub/2423/22.3.11/77/22.3.11/25.3.11 350.00 3 598.09541 BIR B-425176 26/08/2019 1 350.00 English Books 2
    Dewey Decimal Classification   Not For Loan Non-fiction D.B.Act.Division D.B.Act.Division 01/09/2010 DBAD/PUB 350.00   598.09541 BIR EN-84918 01/09/2010 1 350.00 English Books  
    Dewey Decimal Classification     Non-fiction Janak Puri Janak Puri 03/06/2011 K.K.Pub/2423/22.3.11/77/22.3.11/25.3.11 350.00 2 598.09541 BIR B-425178 14/09/2013 1 350.00 English Books  
    Dewey Decimal Classification     Non-fiction Karol Bagh Karol Bagh 03/06/2011 K.K.Pub/2423/22.3.11/77/22.3.11/25.3.11 350.00   598.09541 BIR B-425180 03/06/2011 1 350.00 English Books  
    Dewey Decimal Classification     Non-fiction Patel Nagar Patel Nagar 03/06/2011 K.K.Pub/2423/22.3.11/77/22.3.11/25.3.11 350.00   598.09541 BIR B-425177 03/06/2011 1 350.00 English Books  
    Dewey Decimal Classification     Non-fiction Sarojini Nagar Sarojini Nagar 03/06/2011 K.K.Pub/2423/22.3.11/77/22.3.11/25.3.11 350.00   598.09541 BIR B-425179 03/06/2011 1 350.00 English Books  
    Dewey Decimal Classification     Non-fiction Shahdara Branch Shahdara Branch 03/06/2011 K.K.Pub/2423/22.3.11/77/22.3.11/25.3.11 350.00   598.09541 BIR B-425181 03/06/2011 1 350.00 English Books  

© Delhi Public Library
Hit Counter
free hit counter